Dairying and Cattle Farming : Global and Indian Experiences (Record no. 14658)
[ view plain ]
| 000 -LEADER | |
|---|---|
| fixed length control field | 00323nam a22001217a 4500 |
| 020 ## - INTERNATIONAL STANDARD BOOK NUMBER | |
| ISBN | 9789350530658 |
| 082 ## - DEWEY DECIMAL CLASSIFICATION NUMBER | |
| Classification number | 636.2. |
| Item number | PUS/DA |
| 100 ## - MAIN ENTRY--AUTHOR NAME | |
| Personal name | Pushpesh J. |
| 245 ## - TITLE STATEMENT | |
| Title | Dairying and Cattle Farming : Global and Indian Experiences |
| 260 ## - PUBLICATION, DISTRIBUTION, ETC. (IMPRINT) | |
| Place of publication | New Delhi |
| Name of publisher | Cyber Tech Publications |
| Year of publication | 2013 |
| 300 ## - PHYSICAL DESCRIPTION | |
| Number of Pages | 264 |
| 942 ## - ADDED ENTRY ELEMENTS (KOHA) | |
| Koha item type | Books |
| Withdrawn status | Lost status | Damaged status | Collection code | Home library | Current library | Shelving location | Date acquired | Source of acquisition | Cost, normal purchase price | Full call number | Accession Number | Koha item type |
|---|---|---|---|---|---|---|---|---|---|---|---|---|
| KAUAET | KAUAET | General Stacks | 23/07/2016 | Southern Book Star, Tvm. | 900.00 | 636.2. PUS/DA | 24517 | Books |
